Piet Mondrian: La Nueva Imagen en la Pintura (Record no. 298)
[ view plain ]
| 000 -LEADER | |
|---|---|
| campo de control de longitud fija | 01662nam a22002057a 4500 |
| 008 - DATOS DE LONGITUD FIJA--INFORMACIÓN GENERAL | |
| campo de control de longitud fija | 140829b xxu||||| |||| 00| 0 eng d |
| 020 ## - NÚMERO INTERNACIONAL ESTÁNDAR DEL LIBRO | |
| Número Internacional Estándar del Libro | 8450090199 |
| 082 ## - NÚMERO DE LA CLASIFICACIÓN DECIMAL DEWEY | |
| Número de clasificación | 759.949.2 |
| Número de ítem | M741n |
| 100 ## - ENTRADA PRINCIPAL--NOMBRE DE PERSONA | |
| Nombre de persona | Jarauta Marión, Francisco y López Albaladejo, José. |
| 9 (RLIN) | 1387 |
| 110 ## - ENTRADA PRINCIPAL--NOMBRE DE ENTIDAD CORPORATIVA | |
| Nombre de entidad corporativa o nombre de jurisdicción como elemento de entrada | Coleccion de Arquitectura: Colegio Oficial de Apareajdores y Arquitectos Técnicos, Murcía |
| 9 (RLIN) | 1388 |
| 245 ## - MENCIÓN DEL TÍTULO | |
| Título | Piet Mondrian: La Nueva Imagen en la Pintura |
| Resto del título | La realización del neoplasticismo en la arquitectura del futuro lejano y de hoy |
| Mención de responsabilidad, etc. | Francisco Jarauta Marión y José López Albaladejo |
| 250 ## - MENCION DE EDICION | |
| Mención de edición | 1983 |
| Resto de la mención de edición | 1993 |
| 260 ## - PUBLICACIÓN, DISTRIBUCIÓN, ETC. | |
| Lugar de publicación, distribución, etc. | Murcia |
| Nombre del editor, distribuidor, etc. | Coleccion de Arquitectura |
| Fecha de publicación, distribución, etc. | 1993 |
| 300 ## - DESCRIPCIÓN FÍSICA | |
| Extensión | 138 p |
| Otras características físicas | ill. |
| Dimensiones | 19 cm |
| 440 ## - MENCIÓN DE SERIE/PUNTO DE ACCESO ADICIONAL--TÍTULO | |
| Título | Piet Mondrian: La Nueva Imagen en la Pintura |
| Designación de volumen o secuencia | Vol.9 |
| 9 (RLIN) | 1389 |
| 505 ## - NOTA DE CONTENIDO CON FORMATO | |
| Título | Piet Mondrian: La Nueva Imagen en la Pintura. La realización del neoplasticismo en la arquitectura del futuro lejano y de hoy |
| -- | La Nueva Imagen en la Pintura, Introducción. La nueva imagen en la pintura. La nueva imagen como pintura real-abstracta. Medio de expresión y composición. Lo justificado de la nueva imagen. De lo natural a lo abstracto, es decir de lo indefinido a lo definido 1,2,3,4. La naturaleza y el espíritu, como elementos femenino y masculino. De lo definido y lo indefinido (Suplemento a la nueva imagen de la pintura) |
| -- | Realización del neoplasticismo en la arquitectura del futuro lejano y de hoy 1 y 2. |
| 650 ## - PUNTO DE ACCESO ADICIONAL DE MATERIA--TÉRMINO DE MATERIA | |
| Término de materia o nombre geográfico como elemento de entrada | Neoplasticismo |
| Subdivisión de forma | Pintura Moderna sigloXX |
| Subdivisión geográfica | Holanda |
| 9 (RLIN) | 1390 |
| 700 ## - ENTRADA AGREGADA--NOMBRE PERSONAL | |
| Nombre de persona | Francisco Jarauta Marión y José López Albaladejo |
| 9 (RLIN) | 1391 |
| 710 ## - ENTRADA AGREGADA--NOMBRE DE ENTIDAD CORPORATIVA | |
| Nombre de entidad corporativa o nombre de jurisdicción como elemento de entrada | Coleccion de Arquitectura: Colegio Oficial de Apareajdores y Arquitectos Técnicos, Murcía |
| 9 (RLIN) | 1392 |
| Estatus retirado | Estado de pérdida | Fuente del sistema de clasificación o colocación | Estado de daño | No para préstamo | Biblioteca de origen | Biblioteca actual | Ubicación en estantería | Fecha de adquisición | Total de préstamos | Signatura topográfica completa | Código de barras | Visto por última vez | Precio de reemplazo | Tipo de ítem Koha |
|---|---|---|---|---|---|---|---|---|---|---|---|---|---|---|
| Clasificación Decimal Dewey | Biblioteca LadoV | Biblioteca LadoV | 29/08/2014 | 759.949.2 M741n | 000347 | 29/08/2014 | 29/08/2014 | Material 01 |
